Statistics for Can you name these famous landmarks in 1 minute?

Click here to take the quiz!

General Stats

  • This quiz has been taken 12 times
  • The average score is 4 of 8

Answer Stats

Answer% Correct
Eiffel tower
92%
CN tower
75%
Machu Pichu
58%
Lincoln Memorial.
42%
Angkor Wat
33%
Niagra Falls
33%
La Sagrada Familia
25%
Petronas twin towers
8%

Score Distribution

Percentile by Number Answered

Percent of People with Each Score

Your Score History

You have not taken this quiz